[Event "DEN-chT 1516 54th"]
[Site "Denmark"]
[Date "2015.10.31"]
[Round "1"]
[White "Nielsen, Tommy"]
[Black "Bekker Jensen, David"]
[Result "1/2-1/2"]
[WhiteElo "2122"]
[BlackElo "2287"]
[PlyCount "39"]
[EventDate "2015.10.31"]
[EventType "team-tourn"]
[EventRounds "9"]
[EventCountry "DEN"]
[SourceTitle "CBM 169 Extra"]
[Source "ChessBase"]
[SourceDate "2015.12.18"]
[SourceVersion "1"]
[SourceVersionDate "2015.12.18"]
[SourceQuality "1"]
[WhiteTeam "Jetsmark"]
[BlackTeam "Philidor"]
[WhiteTeamCountry "DEN"]
[BlackTeamCountry "DEN"]

1. e4 c5 2. Nc3 Nc6 3. Nf3 e5 4. Bc4 d6 5. h3 h6 6. d3 Nf6 7. Nd5 Be6 8. c3 Be7 9. Be3 a6 10. 0-0 Bxd5 11. Bxd5 Nxd5 12. exd5 Nb8 13. d4 e4 14. Nd2 0-0 15. dxc5 f5 16. cxd6 Bxd6 17. Nc4 b5 18. Bb6 Qe7 19. Nxd6 Qxd6 20. Qd4 1/2-1/2

[Event "DEN-chT 0607"]
[Site "Denmark"]
[Date "2006.11.04"]
[Round "1.2"]
[White "Nielsen, Tommy"]
[Black "Lund, Silas Esben"]
[Result "0-1"]
[WhiteElo "2187"]
[BlackElo "2329"]
[PlyCount "108"]
[EventDate "2006.11.04"]
[EventType "team-tourn"]
[EventRounds "9"]
[EventCountry "DEN"]
[SourceTitle "EXT 2023"]
[Source "ChessBase"]
[SourceDate "2022.10.05"]
[SourceVersion "1"]
[SourceVersionDate "2022.10.05"]
[SourceQuality "1"]
[WhiteTeam "Norresundby"]
[BlackTeam "Copenhagen K41"]
[WhiteTeamCountry "DEN"]
[BlackTeamCountry "DEN"]

1. e4 e5 2. Nf3 Nc6 3. Bb5 Nf6 4. 0-0 Nxe4 5. d4 Nd6 6. Bxc6 dxc6 7. dxe5 Nf5 8. Qxd8+ Kxd8 9. Nc3 Bd7 10. Bd2 Kc8 11. Rad1 b6 12. Rfe1 h6 13. Ne2 c5 14. Ng3 Nxg3 15. hxg3 Be7 16. Bc3 Be6 17. a4 Kb7 18. Rd2 Rhd8 19. Red1 Rxd2 20. Rxd2 a6 21. Kf1 b5 22. b3 Kc6 23. Ke2 g5 24. Rd1 Bf5 25. Ne1 h5 26. Ra1 b4 27. Bb2 h4 28. gxh4 gxh4 29. Rd1 Rg8 30. Bc1 Be6 31. f3 c4 32. bxc4 Bxc4+ 33. Kf2 b3 34. cxb3 Bxb3 35. Rd3 Bxa4 36. Rc3+ Kb6 37. Be3+ c5 38. Nd3 Rc8 39. Nf4 Kc6 40. Nd3 Kb5 41. f4 c4 42. f5 Re8 43. Nb2 Bb3 44. Bd4 Bc5 45. Bxc5 Kxc5 46. Rc1 a5 47. Kf3 Kd4 48. e6 fxe6 49. Re1 e5 50. Re4+ Kc3 51. Nxc4 Bxc4 52. Rxh4 a4 53. g4 a3 54. g5 a2 0-1

[Event "DEN-chT 0506"]
[Site "Denmark"]
[Date "2006.03.18"]
[Round "8.5"]
[White "Bekker Jensen, Simon"]
[Black "Nielsen, Tommy"]
[Result "1/2-1/2"]
[WhiteElo "2410"]
[BlackElo "2154"]
[PlyCount "51"]
[EventDate "2005.11.05"]
[EventType "team-tourn"]
[EventRounds "9"]
[EventCountry "DEN"]
[SourceTitle "EXT 2023"]
[Source "ChessBase"]
[SourceDate "2022.10.05"]
[SourceVersion "1"]
[SourceVersionDate "2022.10.05"]
[SourceQuality "1"]
[WhiteTeam "Helsinge"]
[BlackTeam "Norresundby"]
[WhiteTeamCountry "DEN"]
[BlackTeamCountry "DEN"]

1. d4 f5 2. g3 Nf6 3. Bg2 e6 4. c4 d5 5. Nc3 c6 6. Nf3 Bd6 7. 0-0 0-0 8. Qc2 Bd7 9. Rb1 Qe7 10. Bf4 Bxf4 11. gxf4 Ne4 12. b4 Be8 13. e3 Nd7 14. Ne5 Rf6 15. b5 Rh6 16. bxc6 Nxe5 17. dxe5 Qh4 18. h3 Bxc6 19. cxd5 exd5 20. f3 Nxc3 21. Qxc3 Qg3 22. Kh1 Rxh3+ 23. Bxh3 Qxh3+ 24. Kg1 Qg3+ 25. Kh1 Qh3+ 26. Kg1 1/2-1/2

[Event "DEN-chT 0506"]
[Site "Denmark"]
[Date "2006.03.05"]
[Round "7.6"]
[White "Nielsen, Tommy"]
[Black "Pedersen, Karl"]
[Result "1/2-1/2"]
[WhiteElo "2154"]
[BlackElo "2244"]
[PlyCount "58"]
[EventDate "2005.11.05"]
[EventType "team-tourn"]
[EventRounds "9"]
[EventCountry "DEN"]
[SourceTitle "EXT 2023"]
[Source "ChessBase"]
[SourceDate "2022.10.05"]
[SourceVersion "1"]
[SourceVersionDate "2022.10.05"]
[SourceQuality "1"]
[WhiteTeam "Norresundby"]
[BlackTeam "Nordre"]
[WhiteTeamCountry "DEN"]
[BlackTeamCountry "DEN"]

1. e4 g6 2. d4 Bg7 3. Nc3 c6 4. Nf3 d6 5. Be2 Nf6 6. a4 0-0 7. 0-0 Nbd7 8. e5 Nd5 9. Nxd5 cxd5 10. exd6 exd6 11. Bg5 Nf6 12. Qc1 Re8 13. Bd3 Qc7 14. c3 Ne4 15. Bh6 Bg4 16. Bxg7 Kxg7 17. Nd2 Nf6 18. Qc2 Re7 19. Rfe1 Rae8 20. Rxe7 Rxe7 21. Nf1 Be2 22. Ne3 Bxd3 23. Qxd3 a6 24. Re1 Qd7 25. Qd1 b5 26. axb5 Qxb5 27. Qe2 Qa4 28. Qd1 Qb5 29. Qe2 Qa4 1/2-1/2

[Event "DEN-chT 0506"]
[Site "Denmark"]
[Date "2006.02.05"]
[Round "6.6"]
[White "Nielsen, Tommy"]
[Black "Rasmussen, Casper"]
[Result "1-0"]
[WhiteElo "2154"]
[BlackElo "2324"]
[PlyCount "113"]
[EventDate "2005.11.05"]
[EventType "team-tourn"]
[EventRounds "9"]
[EventCountry "DEN"]
[SourceTitle "EXT 2023"]
[Source "ChessBase"]
[SourceDate "2022.10.05"]
[SourceVersion "1"]
[SourceVersionDate "2022.10.05"]
[SourceQuality "1"]
[WhiteTeam "Norresundby"]
[BlackTeam "Skolerne"]
[WhiteTeamCountry "DEN"]
[BlackTeamCountry "DEN"]

1. e4 e5 2. Nf3 Nf6 3. Nxe5 d6 4. Nf3 Nxe4 5. d3 Nf6 6. Nc3 d5 7. d4 Bd6 8. Bg5 c6 9. Bd3 0-0 10. h3 Re8+ 11. Ne2 Nbd7 12. 0-0 Qc7 13. c4 dxc4 14. Bxc4 Ne4 15. Qc2 h6 16. Be3 Nb6 17. Bd3 Nf6 18. Nc3 Nbd5 19. Nxd5 Nxd5 20. Bd2 Be6 21. a3 Bf4 22. Rad1 Nf6 23. Bc3 Bd5 24. Ne5 c5 25. Rde1 Rac8 26. Qa4 a6 27. Ng4 Bc6 28. Nxf6+ gxf6 29. Qd1 Qd7 30. dxc5 Red8 31. Bc2 Kg7 32. Qxd7 Bxd7 33. b4 Bb5 34. Re4 Bxf1 35. Rxf4 Bd3 36. Bxf6+ Kg6 37. Bxd8 Bxc2 38. Rd4 Bf5 39. Kf1 Be6 40. Ke2 Kf5 41. Ke3 Bb3 42. Rd6 Be6 43. g4+ Kg6 44. f4 Kg7 45. f5 Bc4 46. Bf6+ Kh7 47. Rd7 Kg8 48. Kf4 Bf1 49. Rxb7 Bxh3 50. Rb6 Bf1 51. c6 Bb5 52. c7 Kf8 53. Rb8 Bd7 54. Ke5 h5 55. Kd6 Ke8 56. gxh5 Bxf5 57. h6 1-0

[Event "DEN-chT 0102"]
[Site "Denmark"]
[Date "2002.02.03"]
[Round "5.2"]
[White "Nielsen, Tommy"]
[Black "Matthiesen, Martin"]
[Result "0-1"]
[WhiteElo "2204"]
[BlackElo "2289"]
[PlyCount "78"]
[EventDate "2001.11.04"]
[EventType "team-tourn"]
[EventRounds "7"]
[EventCountry "DEN"]
[SourceTitle "EXT 2023"]
[Source "ChessBase"]
[SourceDate "2022.10.05"]
[SourceVersion "1"]
[SourceVersionDate "2022.10.05"]
[SourceQuality "1"]
[WhiteTeam "Norresundby"]
[BlackTeam "Copenhagen 68"]
[WhiteTeamCountry "DEN"]
[BlackTeamCountry "DEN"]

1. e4 e5 2. Bc4 Nf6 3. d3 Nc6 4. Nc3 Bb4 5. Nge2 d5 6. exd5 Nxd5 7. 0-0 Be6 8. Ne4 Be7 9. Bb5 Bd7 10. d4 exd4 11. Nxd4 Nxd4 12. Bxd7+ Qxd7 13. Qxd4 0-0 14. c4 Nb6 15. Qxd7 Nxd7 16. Bf4 Nf6 17. Ng3 Rfe8 18. Rad1 Bf8 19. b3 c6 20. h3 h6 21. Rd3 a5 22. a4 Rad8 23. Rfd1 Re1+ 24. Rxe1 Rxd3 25. Rb1 Nd7 26. Be3 Bc5 27. Ne4 Bxe3 28. fxe3 Rxe3 29. Rd1 Ne5 30. Nc5 b6 31. Kf2 Rc3 32. Rd8+ Kh7 33. Re8 Ng6 34. Nd7 Rxb3 35. h4 h5 36. g4 hxg4 37. h5 g3+ 38. Ke1 Nf4 39. h6 g2 0-1

[Event "DEN-chT 0102"]
[Site "Denmark"]
[Date "2001.11.18"]
[Round "2.2"]
[White "Nielsen, Tommy"]
[Black "Schandorff, Lars"]
[Result "1/2-1/2"]
[WhiteElo "2204"]
[BlackElo "2551"]
[PlyCount "120"]
[EventDate "2001.11.04"]
[EventType "team-tourn"]
[EventRounds "7"]
[EventCountry "DEN"]
[SourceTitle "EXT 2023"]
[Source "ChessBase"]
[SourceDate "2022.10.05"]
[SourceVersion "1"]
[SourceVersionDate "2022.10.05"]
[SourceQuality "1"]
[WhiteTeam "Norresundby"]
[BlackTeam "Helsinge"]
[WhiteTeamCountry "DEN"]
[BlackTeamCountry "DEN"]

1. e4 c6 2. d4 d5 3. Nc3 dxe4 4. Nxe4 Nd7 5. Nf3 Ngf6 6. Ng3 c5 7. dxc5 e6 8. c6 bxc6 9. Be2 Be7 10. 0-0 0-0 11. c4 c5 12. b3 Bb7 13. Bb2 Qc7 14. Qc2 a5 15. Rfd1 h6 16. Nd2 Ne5 17. Bxe5 Qxe5 18. Bf3 Qc7 19. Bxb7 Qxb7 20. Nde4 a4 21. Nc3 axb3 22. axb3 Rxa1 23. Rxa1 Ra8 24. Rxa8+ Qxa8 25. Qb1 h5 26. h3 Bd6 27. Nce4 Nxe4 28. Nxe4 Be7 29. Ng3 g6 30. Ne4 Qd8 31. Qc2 Qd4 32. g3 f5 33. Nc3 h4 34. Ne2 Qd6 35. g4 Kf7 36. gxf5 gxf5 37. Qc1 Bf6 38. Kg2 Qc6+ 39. f3 Qd6 40. Qe1 Bg5 41. Qf2 Qd2 42. Ng1 Kf6 43. Ne2 e5 44. Kf1 Qd1+ 45. Kg2 Qc2 46. Kf1 Qxb3 47. Qxc5 Qxf3+ 48. Ke1 Qh1+ 49. Ng1 Kg6 50. Qd6+ Bf6 51. Kf1 Qe4 52. c5 Qf4+ 53. Ke2 Qh2+ 54. Kf1 Qf4+ 55. Ke2 Qc4+ 56. Ke1 Qb4+ 57. Kf1 Qb1+ 58. Kg2 Qe4+ 59. Kf1 Qb1+ 60. Kg2 Qe4+ 1/2-1/2

[Event "DEN-chT 9900"]
[Site "Denmark"]
[Date "1999.11.07"]
[Round "1.5"]
[White "Husted, Peter"]
[Black "Nielsen, Tommy"]
[Result "1/2-1/2"]
[WhiteElo "2187"]
[BlackElo "2191"]
[PlyCount "100"]
[EventDate "1999.11.07"]
[EventType "team-tourn"]
[EventRounds "7"]
[EventCountry "DEN"]
[SourceTitle "EXT 2023"]
[Source "ChessBase"]
[SourceDate "2022.10.05"]
[SourceVersion "1"]
[SourceVersionDate "2022.10.05"]
[SourceQuality "1"]
[WhiteTeam "Aarhus"]
[BlackTeam "Norresundby"]
[WhiteTeamCountry "DEN"]
[BlackTeamCountry "DEN"]

1. e4 e5 2. Nf3 Nc6 3. Bb5 a6 4. Ba4 Nf6 5. 0-0 Nxe4 6. d4 b5 7. Bb3 d5 8. dxe5 Be6 9. c3 Be7 10. Nbd2 Bg4 11. Nxe4 dxe4 12. Qd5 Qxd5 13. Bxd5 0-0-0 14. Bxc6 exf3 15. gxf3 Be6 16. Be4 f5 17. Bc6 g5 18. Be3 Rhg8 19. Rfd1 Rxd1+ 20. Rxd1 f4 21. Bd4 g4 22. b4 h5 23. Kh1 Rd8 24. a3 Bc4 25. Re1 Be6 26. Rg1 Rh8 27. Ra1 Rh6 28. a4 bxa4 29. Rxa4 Bc4 30. Be4 Be2 31. fxg4 hxg4 32. Ra2 Bc4 33. Rd2 Be6 34. f3 g3 35. Kg1 Bg5 36. Rg2 Bh3 37. hxg3 Bxg2 38. Kxg2 a5 39. bxa5 Ra6 40. Kh3 fxg3 41. Kxg3 Rxa5 42. f4 Be7 43. e6 Ra4 44. Bc6 Rxd4 45. cxd4 Bf6 46. Kg4 Kd8 47. d5 Ke7 48. Kf5 Bh4 49. Bd7 Bf6 50. Ke4 Kd6 1/2-1/2

[Event "World op 27th"]
[Site "Philadelphia"]
[Date "1999.07.03"]
[Round "5"]
[White "Sevillano, Enrico"]
[Black "Nielsen, Tommy"]
[Result "1-0"]
[WhiteElo "2556"]
[BlackElo "2300"]
[PlyCount "61"]
[EventDate "1999.06.27"]
[EventType "swiss"]
[EventRounds "9"]
[EventCountry "USA"]
[SourceTitle "EXT 2000"]
[Source "ChessBase"]
[SourceDate "1999.11.16"]
[SourceVersion "1"]
[SourceVersionDate "1999.11.16"]
[SourceQuality "1"]

1. e4 c6 2. d4 d5 3. Nc3 dxe4 4. Nxe4 Bf5 5. Ng3 Bg6 6. Nf3 Nf6 7. c3 Nbd7 8. Bd3 e6 9. 0-0 Qc7 10. Re1 0-0-0 11. b4 Bd6 12. Rb1 Nd5 13. Rb3 Nf4 14. Bxg6 hxg6 15. Ne4 Nd5 16. Nxd6+ Qxd6 17. c4 Nc7 18. g3 e5 19. dxe5 Qxd1 20. Rxd1 Nxe5 21. Rxd8+ Rxd8 22. Nxe5 Rd1+ 23. Kg2 Rxc1 24. Nxf7 Ne6 25. Re3 Nd4 26. Re8+ Kc7 27. Re7+ Kb8 28. Nd6 Nf5 29. Nxf5 gxf5 30. Rxg7 Rxc4 31. h4 1-0

[Event "Aalborg "]
[Site "Aalborg"]
[Date "1999.??.??"]
[Round "7"]
[White "Jorgensen, Jorgen"]
[Black "Nielsen, Tommy"]
[Result "1/2-1/2"]
[WhiteElo "2264"]
[BlackElo "2191"]
[PlyCount "77"]
[EventDate "1999.??.??"]
[EventType "tourn"]
[EventRounds "7"]
[EventCountry "DEN"]
[EventCategory "1"]
[SourceTitle "EXT 2001"]
[Source "ChessBase"]
[SourceDate "2000.11.22"]
[SourceVersion "1"]
[SourceVersionDate "2000.11.22"]
[SourceQuality "1"]

1. Nf3 f5 2. d4 Nf6 3. g3 e6 4. Bg2 Be7 5. 0-0 0-0 6. c4 d6 7. b3 Nbd7 8. Bb2 Ne4 9. Nbd2 Ndf6 10. Ne1 Qe8 11. f3 Nxd2 12. Qxd2 Nd7 13. Nd3 Bf6 14. f4 Rb8 15. e4 b6 16. e5 dxe5 17. fxe5 Be7 18. d5 Nc5 19. Nf4 Bg5 20. Qd4 Bb7 21. Ba3 exd5 22. Bxd5+ Bxd5 23. cxd5 Be7 24. d6 cxd6 25. exd6 Bf6 26. Qd5+ Qf7 27. Rad1 Nd7 28. Rfe1 Rfe8 29. Kf1 Re5 30. Rxe5 Bxe5 31. Ne6 Rc8 32. Nc7 Qxd5 33. Rxd5 Kf7 34. Ke2 Rd8 35. Ke3 Kf6 36. Nb5 Ke6 37. Nc7+ Kf6 38. Nb5 Ke6 39. Nc7+ 1/2-1/2

[Event "Aalborg "]
[Site "Aalborg"]
[Date "1999.??.??"]
[Round "4"]
[White "Nielsen, Tommy"]
[Black "Christiansen, Jens Jorgen"]
[Result "1-0"]
[WhiteElo "2191"]
[BlackElo "2210"]
[PlyCount "71"]
[EventDate "1999.??.??"]
[EventType "tourn"]
[EventRounds "7"]
[EventCountry "DEN"]
[EventCategory "1"]
[SourceTitle "EXT 2001"]
[Source "ChessBase"]
[SourceDate "2000.11.22"]
[SourceVersion "1"]
[SourceVersionDate "2000.11.22"]
[SourceQuality "1"]

1. e4 c6 2. d4 d5 3. Nd2 dxe4 4. Nxe4 Nd7 5. Bc4 Nb6 6. Bb3 Bf5 7. Ng3 Bg6 8. Nf3 e6 9. c3 Bd6 10. Qe2 Qc7 11. c4 Bb4+ 12. Kf1 0-0-0 13. Kg1 Be7 14. Bd2 Nf6 15. a4 Nbd7 16. Qe1 h5 17. h4 Bd6 18. Ne2 Ne4 19. Be3 Ndf6 20. c5 Bf8 21. Bf4 Qe7 22. Qa5 a6 23. Qb6 Ne8 24. Ne5 Bf5 25. Nxc6 bxc6 26. Qb8+ Kd7 27. Qb7+ Nc7 28. Qxc7+ Ke8 29. Qxc6+ Qd7 30. Qxa6 Be7 31. Qb5 Kf8 32. Qxd7 Rxd7 33. f3 Nf6 34. c6 Rd8 35. c7 Rc8 36. Nc3 1-0

[Event "DEN-chT 9495"]
[Site "Denmark"]
[Date "1995.??.??"]
[Round "4"]
[White "Nielsen, Tommy"]
[Black "Christiansen, Jens Jorgen"]
[Result "1/2-1/2"]
[WhiteElo "2215"]
[BlackElo "2265"]
[PlyCount "56"]
[EventDate "1994.11.??"]
[EventType "team-tourn"]
[EventRounds "7"]
[EventCountry "DEN"]
[SourceTitle "EXT 1999"]
[Source "ChessBase"]
[SourceDate "1998.11.16"]
[SourceVersion "1"]
[SourceVersionDate "1998.11.16"]
[SourceQuality "1"]

1. e4 d6 2. d4 Nf6 3. Nc3 g6 4. Be2 Bg7 5. Be3 a6 6. a4 b6 7. f4 Bb7 8. Bf3 e6 9. Nge2 d5 10. e5 Nfd7 11. 0-0 c5 12. Qe1 Nc6 13. Qf2 Rc8 14. Nd1 Qe7 15. c3 0-0 16. g4 f6 17. exf6 Bxf6 18. Qg2 cxd4 19. cxd4 Nb4 20. Nec3 Kh8 21. Qd2 Bg7 22. Bg2 Nf6 23. Nf2 Ne4 24. Nfxe4 dxe4 25. Rac1 Nd3 26. Rcd1 Nb4 27. Rc1 Nd3 28. Rcd1 Nb4 1/2-1/2

[Event "Rilton Cup 23rd"]
[Site "Stockholm"]
[Date "1993.??.??"]
[Round "2"]
[White "Hartman, Christer"]
[Black "Nielsen, Tommy"]
[Result "1-0"]
[WhiteElo "2365"]
[BlackElo "2190"]
[PlyCount "167"]
[EventDate "1993.12.??"]
[EventType "swiss"]
[EventRounds "9"]
[EventCountry "SWE"]
[SourceTitle "EXT 2000"]
[Source "ChessBase"]
[SourceDate "1999.11.16"]
[SourceVersion "1"]
[SourceVersionDate "1999.11.16"]
[SourceQuality "1"]

1. e4 c6 2. d4 d5 3. f3 e6 4. Nc3 Bb4 5. Nge2 Nf6 6. a3 Be7 7. Be3 b6 8. h3 Bb7 9. Qd3 c5 10. exd5 Ba6 11. Qd2 Nxd5 12. Nxd5 Qxd5 13. 0-0-0 cxd4 14. Qxd4 Qxd4 15. Nxd4 Bc5 16. b4 Bxd4 17. Rxd4 Bxf1 18. Rxf1 Nd7 19. Rfd1 0-0-0 20. c4 Ne5 21. Kc2 Rxd4 22. Rxd4 Nc6 23. Rg4 Rg8 24. b5 Ne7 25. c5 Nd5 26. Bf2 bxc5 27. Bxc5 Kb7 28. Kb3 Rc8 29. Bd4 g6 30. Rh4 h5 31. g4 Nf4 32. gxh5 Nxh5 33. Bf2 Rd8 34. Ra4 Ra8 35. Rd4 Kc7 36. Be1 Rh8 37. Ba5+ Kc8 38. Rc4+ Kb8 39. Rc7 Ng3 40. Rxf7 Nf5 41. Bc7+ Kc8 42. Be5 Rxh3 43. Rc7+ Kd8 44. Rxa7 Rxf3+ 45. Kb4 Re3 46. Bc7+ Kc8 47. Bb6 Re4+ 48. Kc5 g5 49. Kc6 Rc4+ 50. Bc5 Nd4+ 51. Kb6 Nb3 52. Be7 g4 53. Bf6 e5 54. Bxe5 Re4 55. Rc7+ Kd8 56. Bf6+ Ke8 57. Bh4 Ra4 58. Re7+ Kf8 59. Re1 Kf7 60. Be7 Rc4 61. Bd6 Nd2 62. Kb7 Ne4 63. Bb4 g3 64. b6 g2 65. Rg1 Rc2 66. Ka7 Nf6 67. b7 Nd7 68. b8Q Nxb8 69. Kxb8 Ra2 70. Kb7 Kg6 71. Kb6 Kf5 72. Kb5 Kg4 73. Bc5 Rb2+ 74. Kc4 Rc2+ 75. Kb4 Rb2+ 76. Kc3 Ra2 77. Kb3 Rd2 78. a4 Kh3 79. a5 Rd5 80. Kc4 Rf5 81. a6 Kh2 82. Rxg2+ Kxg2 83. a7 Rf4+ 84. Kb5 1-0

[Event "Aalborg op"]
[Site "Aalborg"]
[Date "1993.??.??"]
[Round "3"]
[White "Meyer, Lars A"]
[Black "Nielsen, Tommy"]
[Result "1/2-1/2"]
[WhiteElo "2350"]
[BlackElo "2190"]
[PlyCount "35"]
[EventDate "1993.??.??"]
[EventType "swiss"]
[EventRounds "9"]
[EventCountry "DEN"]
[SourceTitle "EXT 1999"]
[Source "ChessBase"]
[SourceDate "1998.11.16"]
[SourceVersion "1"]
[SourceVersionDate "1998.11.16"]
[SourceQuality "1"]

1. g3 g6 2. Bg2 Bg7 3. Nf3 c5 4. 0-0 Nc6 5. c3 e5 6. d3 d5 7. e4 d4 8. cxd4 cxd4 9. Nbd2 Nge7 10. b3 0-0 11. Ba3 b5 12. Bc5 Bg4 13. a4 a6 14. h3 Bd7 15. Kh2 Re8 16. Ne1 Qc7 17. Rc1 Rac8 18. Ba3 1/2-1/2

[Event "Aalborg op"]
[Site "Aalborg"]
[Date "1993.??.??"]
[Round "9"]
[White "Nielsen, Tommy"]
[Black "Christensen, Tobias"]
[Result "1-0"]
[WhiteElo "2190"]
[BlackElo "2380"]
[PlyCount "93"]
[EventDate "1993.??.??"]
[EventType "swiss"]
[EventRounds "9"]
[EventCountry "DEN"]
[SourceTitle "EXT 1999"]
[Source "ChessBase"]
[SourceDate "1998.11.16"]
[SourceVersion "1"]
[SourceVersionDate "1998.11.16"]
[SourceQuality "1"]

1. e4 c5 2. Nf3 e6 3. d4 d5 4. exd5 exd5 5. Bb5+ Nc6 6. 0-0 Nf6 7. Re1+ Be6 8. Ne5 Rc8 9. Bf4 Be7 10. Nxc6 bxc6 11. Ba6 Rb8 12. Bxb8 Qxb8 13. b3 cxd4 14. Nd2 Bb4 15. Qe2 0-0 16. Rf1 Bc3 17. Rab1 Re8 18. Nf3 Bg4 19. Qd3 Qb6 20. Rfd1 Bxf3 21. gxf3 Nh5 22. Qf5 Qxa6 23. Qxh5 Qxa2 24. Qf5 Re6 25. Kh1 g6 26. Qd3 Qa3 27. b4 Qa4 28. Rb3 Qb5 29. Ra3 Qb8 30. Ra4 Re5 31. Rg1 Rh5 32. Rg3 Bxb4 33. Qxd4 Bd6 34. f4 c5 35. Qf6 Bxf4 36. Qxf4 Qb1+ 37. Kg2 Qxc2 38. Rxa7 Rf5 39. Qe3 d4 40. Ra8+ Kg7 41. Qe1 d3 42. Rd8 c4 43. Qa1+ c3 44. Qa7 d2 45. Qd4+ f6 46. Qa7+ Kh6 47. Qe3+ 1-0

[Event "Aalborg op"]
[Site "Aalborg"]
[Date "1993.??.??"]
[Round "2"]
[White "Nielsen, Tommy"]
[Black "Poley, Vladimir"]
[Result "1/2-1/2"]
[WhiteElo "2190"]
[BlackElo "2365"]
[PlyCount "70"]
[EventDate "1993.??.??"]
[EventType "swiss"]
[EventRounds "9"]
[EventCountry "DEN"]
[SourceTitle "EXT 1999"]
[Source "ChessBase"]
[SourceDate "1998.11.16"]
[SourceVersion "1"]
[SourceVersionDate "1998.11.16"]
[SourceQuality "1"]

1. d4 g6 2. c4 Bg7 3. Nc3 d6 4. e4 Nc6 5. Nge2 e5 6. Be3 f5 7. f3 Nf6 8. d5 Ne7 9. Qd2 0-0 10. 0-0-0 fxe4 11. Nxe4 Nf5 12. Bg5 Nxe4 13. fxe4 Qxg5 14. Qxg5 Bh6 15. Qxh6 Nxh6 16. h3 Bd7 17. Ng1 Rf4 18. Re1 g5 19. Nf3 Nf7 20. Re3 g4 21. Ne1 gxh3 22. gxh3 Kh8 23. Nd3 Rh4 24. Rg1 Rg8 25. Rxg8+ Kxg8 26. Bg2 Ng5 27. Nf2 h6 28. Kd2 Nh7 29. b4 Kf7 30. b5 a5 31. bxa6 bxa6 32. Rb3 Ke7 33. Rb7 Kd8 34. Rb8+ Ke7 35. Rb7 Kd8 1/2-1/2